000
00285nam a2200121Ia 4500
008
190216s9999||||xx |||||||||||||| ||und||
100
_a
Seidenberg
245
0
_a
Lectures In Projective Geometry
260
_b
Vannostrand
_c
1965
300
_a
230p
650
_a
Mathematics
942
_c
BK
999
_c
30483
_d
30483